| 000 | 00939nam a22003017a 4500 | ||
|---|---|---|---|
| 003 | CHAP | ||
| 005 | 20220329141516.0 | ||
| 008 | 971013s1988 r 00010 d | ||
| 010 | _a69296 | ||
| 011 | _a70268 | ||
| 035 | _a79749 | ||
| 040 | _cCHAP | ||
| 090 | _aFolleto 12365 | ||
| 100 | 0 | 0 |
_aLassagno, Mirta. _965034 |
| 245 | _aObtención de mutantes de Rhizobíum meliloti resistentes a antibióticos | ||
| 260 |
_aMontevideo : _bUniversidad de la República. Fac. de Agronomía, _c1988 |
||
| 300 |
_a12 p. _b: ilus. |
||
| 500 | _a33-199 | ||
| 590 |
_aBATCH-UPD _b10 _c20130110 _lUCH01 _h0638 |
||
| 590 |
_aBATCH-UPD _b10 _c20130110 _lUCH01 _h2351 |
||
| 590 |
_aBATCH-UPD _b10 _c20130410 _lUCH01 _h0322 |
||
| 590 |
_aCONVERSION _b10 _c20130109 _lUCH01 _h1338 |
||
| 650 | 1 | 4 |
_aAntibioticos. _96046 |
| 650 | 1 | 4 |
_aRhizobium meliloti. _997128 |
| 901 | _aBK | ||
| 942 | _cFOLL | ||
| 949 |
_aFolleto 12365 _bBC _cFOLL _d-32638 _eTS1 _i79749 _mD _si |
||
| 999 |
_c69296 _d69296 |
||